Filigranas, las huellas del agua (Record no. 186306)
[ view plain ]
| 000 -LEADER | |
|---|---|
| campo de control de longitud fija | 01140nam a2200253 i 4500 |
| 001 - NÚMERO DE CONTROL | |
| campo de control | 186306 |
| 003 - IDENTIFICADOR DE NÚMERO DE CONTROL | |
| campo de control | SpMaBN |
| 005 - FECHA Y HORA DE LA ÚLTIMA TRANSACCIÓN | |
| campo de control | 20250526192016.0 |
| 008 - DATOS DE LONGITUD FIJA--INFORMACIÓN GENERAL | |
| campo de control de longitud fija | 161006s2016 sp ao c |||| |dspa d |
| 020 ## - NÚMERO INTERNACIONAL ESTÁNDAR DEL LIBRO | |
| Número Internacional Estándar del Libro | 978-84-89157-70-5 |
| 080 ## - NÚMERO DE LA CLASIFICACIÓN DECIMAL UNIVERSAL | |
| Número de la Clasificación Decimal Universal | 336.746.07(460.271):004(083.824) |
| 080 ## - NÚMERO DE LA CLASIFICACIÓN DECIMAL UNIVERSAL | |
| Número de la Clasificación Decimal Universal | 676.026.22(083.824) |
| 245 00 - MENCIÓN DEL TÍTULO | |
| Título | Filigranas, las huellas del agua |
| Resto del título | : [exposición, Museo Casa de la Moneda, Madrid, del 17 marzo al 15 mayo 2016] / |
| Mención de responsabilidad, etc. | [comisario, José María Pérez García ; textos, Marino Ayala Campinún, José María Pérez García, Luis Santos y Ganges]. |
| 260 ## - PUBLICACIÓN, DISTRIBUCIÓN, ETC. | |
| Lugar de publicación, distribución, etc. | [Madrid] : |
| Nombre del editor, distribuidor, etc. | Real Casa de la Moneda, Fábrica Nacional de Moneda y Timbre, |
| Fecha de publicación, distribución, etc. | 2016. |
| 300 ## - DESCRIPCIÓN FÍSICA | |
| Extensión | 181 p. : |
| Otras características físicas | il. col. y n., fot. ; |
| Dimensiones | 24 x 25 m. |
| 650 #7 - PUNTO DE ACCESO ADICIONAL DE MATERIA--TÉRMINO DE MATERIA | |
| Término de materia o nombre geográfico como elemento de entrada | Filigranas. |
| 9 (RLIN) | 161064 |
| 650 #4 - PUNTO DE ACCESO ADICIONAL DE MATERIA--TÉRMINO DE MATERIA | |
| Término de materia o nombre geográfico como elemento de entrada | Papel. |
| 9 (RLIN) | 146757 |
| 700 1# - ENTRADA AGREGADA--NOMBRE PERSONAL | |
| Nombre de persona | Pérez García, José María, |
| Fechas asociadas al nombre | 1974- |
| 9 (RLIN) | 157037 |
| 710 2# - ENTRADA AGREGADA--NOMBRE DE ENTIDAD CORPORATIVA | |
| Nombre de entidad corporativa o nombre de jurisdicción como elemento de entrada | Museo Casa de la Moneda (España) |
| 9 (RLIN) | 157038 |
| 710 2# - ENTRADA AGREGADA--NOMBRE DE ENTIDAD CORPORATIVA | |
| Nombre de entidad corporativa o nombre de jurisdicción como elemento de entrada | Fábrica Nacional de Moneda y Timbre (España) |
| 9 (RLIN) | 157039 |
| 852 ## - LOCALIZACIÓN | |
| Ubicación | ES-MaACL |
| Número de control de estantería | A-13950 |
| itemnumber | 193361 |
| Sublocalización o colección | R.151263 |
| Ubicación en estantería | Depósito 1 |
| Signatura antigua | Olim: N-6950 |
| Encuadernación | encuadernación en cartoné |
| 942 ## - ELEMENTOS DE ENTRADA SECUNDARIOS (KOHA) | |
| Fuente del sistema de clasificación o colocación | Clasificación decimal universal |
| Estatus retirado | Estado de pérdida | Fuente del sistema de clasificación o colocación | Estado de daño | No para préstamo | Biblioteca de origen | Biblioteca actual | Ubicación en estantería | Fecha de adquisición | Fuente de adquisición | Total de préstamos | Signatura topográfica completa | Código de barras | Visto por última vez | Precio de reemplazo | Tipo de ítem Koha |
|---|---|---|---|---|---|---|---|---|---|---|---|---|---|---|---|
| Clasificación decimal universal | Biblioteca del Ateneo de Madrid | Biblioteca del Ateneo de Madrid | Depósito 1 | 06/10/2016 | Donación | A-13950 | 1196437 | 23/02/2023 | 23/02/2023 | Libro impreso |
